000 00564nam 22001933 4500
001 200492
010 _a978-989-644-120-3
021 _b315763/10
090 _a200492
100 _a20260210d u||y0pory50 ba
200 _aO livro da consciência
_ea construção do cérebro consciente
_fAntónio Damásio
210 _aLisboa
_cCirculo de Leitores
_d2010
215 _a437 p.
_cbrochado
_d23 cm
606 _9927
_aMedicina
675 _a61
_vPT
_zpor
700 _99219
_aDamásio
_bAntónio
_f1944 -
801 _aPT
_bBMMN
_gRPC
830 _cFernando
_fFernando
990 _cLIVROS